लालची कौआ / (Record no. 62492)

MARC details
000 -LEADER
fixed length control field 00869nam a22001937a 4500
005 - DATE AND TIME OF LATEST TRANSACTION
control field 20120210122934.0
020 ## - INTERNATIONAL STANDARD BOOK NUMBER
Terms of availability 40.00
International Standard Book Number 9788189573249
082 ## - DEWEY DECIMAL CLASSIFICATION NUMBER
Classification number
100 ## - MAIN ENTRY--PERSONAL NAME
Personal name शिवमूर्ति सिंह 'वत्स'
245 ## - TITLE STATEMENT
Title लालची कौआ /
Statement of responsibility, etc शिवमूर्ति सिंह 'वत्स'
260 ## - PUBLICATION, DISTRIBUTION, ETC. (IMPRINT)
Place of publication, distribution, etc दिल्ली
Name of publisher, distributor, etc चिल्ड्रन बुक टैंपल
Date of publication, distribution, etc 2011
270 ## - ADDRESS
Address सी-55, गणेश नगर, पांडव नगर कॉम्प्लैक्स
City दिल्ली
Postal code 110092
300 ## - PHYSICAL DESCRIPTION
Extent 16पृ.
Other physical details सचित्र
Dimensions 28सेमी (अजिल्द)
700 ## - ADDED ENTRY--PERSONAL NAME
9 (RLIN) 41293
700 ## - ADDED ENTRY--PERSONAL NAME
9 (RLIN) 41305
700 ## - ADDED ENTRY--PERSONAL NAME
9 (RLIN) 41360
942 ## - ADDED ENTRY ELEMENTS (KOHA)
Source of classification or shelving scheme Dewey Decimal Classification
Item type Children Books
Classification part
Call number suffix शिवमू
Holdings
Withdrawn status Lost status Not for loan Home library Current library Date acquired Cost, normal purchase price Full call number Cost, replacement price Koha item type
    Ordered Andrews Gunj Andrews Gunj 10/02/2012 40.00 क शिवमू 40.00 Children Books

© Delhi Public Library
Hit Counter
free hit counter